Význam logistiky v súčasnom riadení podniku
Štyri základné rozmery globalizácie, podčiarkujúce význam logistiky: mobilita ľudí a kapitálu, digitalizácia, liberalizácia, integrácia. Aktuálne problémy konkurencie. Postavenie logistiky v riadení podniku. Kvalita logistických služieb.
Saved in:
| Main Author: | |
|---|---|
| Format: | Book Chapter |
| Language: | Slovak |
| Subjects: | |
| Tags: |
No Tags, Be the first to tag this record!
|
MARC
| LEADER | 00000naa a2200000 4500 | ||
|---|---|---|---|
| 001 | 0190121 | ||
| 005 | 20231120134442.2 | ||
| 041 | 0 | |a slo | |
| 044 | |a SK | ||
| 245 | 1 | 0 | |a Význam logistiky v súčasnom riadení podniku |c Viera Šukalová |
| 520 | |a Štyri základné rozmery globalizácie, podčiarkujúce význam logistiky: mobilita ľudí a kapitálu, digitalizácia, liberalizácia, integrácia. Aktuálne problémy konkurencie. Postavenie logistiky v riadení podniku. Kvalita logistických služieb. | ||
| 610 | 2 | 0 | |a riadenie podnikové |
| 610 | 2 | 0 | |a logistika podniková |
| 610 | 2 | 0 | |a služby logistické |
| 610 | 2 | 0 | |a kvalita služieb |
| 100 | 1 | |a Šukalová, Viera | |